| 000 | 01230nam0a2200313 4500 | ||
|---|---|---|---|
| 001 | RU\NLR\b_ik\175220 | ||
| 005 | 20260406080140.0 | ||
| 010 |
_a978-5-902164-62-3 _9500 |
||
| 035 | _a(NLR Aleph) 002247855 | ||
| 090 |
_a3647214 _c3647214 |
||
| 100 | _a20090123d2008 |||y0rusy50 ca | ||
| 101 | 0 | _aeng | |
| 102 | _aRU | ||
| 105 | _ac ||||||||| | ||
| 200 | 1 |
_aPrefects from Ancient Rome to the present - the state's authority _fV.B. Zotov |
|
| 210 |
_aMoscow _cYougo-Vostok service _d2008 |
||
| 215 |
_a81 c., [5] л. цв. ил. _d23 |
||
| 320 | _aБиблиогр.: с. 79-81 (52 назв.) | ||
| 541 | 0 |
_aПрефекты от Древнего Рима до настоящего времени - государственная власть _zrus |
|
| 606 | 1 |
_aМестное самоуправление _xИстория _92259613 _3RU\NLR\AUTH\661354949 |
|
| 686 | 1 | _aХ2(0)-523 | |
| 686 | 1 | _aХ621.011.2 | |
| 686 | 1 | _aХ810.112 | |
| 700 | 1 |
_4070 _7ba _8rus _aZotov _bV. B. _cгос. деятель, д-р экон. наук, канд. техн. наук _f1946- _gVladimir Borisovič _3RU\NLR\AUTH\770193021 _9192970 |
|
| 801 | 0 |
_aRU _bNLR _c20090123 _gRCR |
|
| 942 | _cBOOK | ||
| 980 | _aNB | ||